| 000 | 006190000a22002170004500 | ||
|---|---|---|---|
| 003 | LK-CoMWRAF | ||
| 005 | 20231127112853.0 | ||
| 008 | 230817t1989 ||||| |||| 00| 0 eng d | ||
| 040 |
_aLK-CoMWRAF _dLK-CoMWRAF _eLK-CoMWRAF |
||
| 041 | _aeng | ||
| 082 |
_a331.4 _bSOL |
||
| 245 |
_aSolid foundations solid contributions: _bwomen in the brick kiln industry |
||
| 260 |
_aLahore: _bASR _c1989 |
||
| 300 | _axvi, 162 p. : ill. ; 22 cm. | ||
| 650 | _aWomen brickmakers--Pakistan. | ||
| 700 | _aMitha, Yameema | ||
| 700 | _aAnwar, Masood | ||
| 700 | _a Khan, Nighat Said | ||
| 700 | _aPal, Asmaa Javed | ||
| 942 | _cBK | ||
| 999 |
_c1792 _d1792 |
||